Tartarin sur les Alpes (Record no. 6752)

MARC details
000 -CABECERA
campo de control de longitud fija 00786nam a2200241 a 4500
001 - NÚMERO DE CONTROL
campo de control BRCA_7071
005 - FECHA Y HORA DE LA ÚLTIMA TRANSACCIÓN
campo de control 20190320205713.0
008 - DATOS DE LONGITUD FIJA--INFORMACIÓN GENERAL
campo de control de longitud fija 220611s1912----fr-a######---#000-0#fre-#
041 ## - CÓDIGO DE LENGUA
Código de lengua del texto/banda sonora o título independiente fre
044 ## - CÓDIGO DEL PAÍS DE LA ENTIDAD EDITORA/PRODUCTORA
Código MARC del país fr
050 #4 - SIGNATURA TOPOGRÁFICA DE LA BIBLIOTECA DEL CONGRESO
Número de clasificación PQ2216
Número de documento/Ítem .T5 1912
100 1# - ENTRADA PRINCIPAL--NOMBRE DE PERSONA
Nombre de persona Daudet, Alphonse
Fechas asociadas al nombre 1840-1897
9 (RLIN) 15254
245 10 - MENCIÓN DE TÍTULO
Título Tartarin sur les Alpes
Resto del título nouveaux exploits du héros tarasconnais
Mención de responsabilidad, etc. illustré par Aranda, de Beaumont, Montenard, de Myrbach, Rossi
260 ## - PUBLICACIÓN, DISTRIBUCIÓN, ETC.
Lugar de publicación, distribución, etc. París
Nombre del editor, distribuidor, etc. E. Flammarion
Fecha de publicación, distribución, etc. [1912]
300 ## - DESCRIPCIÓN FÍSICA
Extensión 365 p.
Otras características físicas il.
Dimensiones 19 cm.
440 #0 - MENCIÓN DE SERIE/PUNTO DE ACCESO ADICIONAL--TÍTULO
Título Collection Guillaume
9 (RLIN) 15597
500 ## - NOTA GENERAL
Nota general Secuela de ´Tartarín de Tarascón´
500 ## - NOTA GENERAL
Nota general Estado físico: lomo, cubiertas y algunas páginas rotos.
500 ## - NOTA GENERAL
Nota general O40
650 14 - PUNTO DE ACCESO ADICIONAL DE MATERIA--TÉRMINO DE MATERIA
Término de materia o nombre geográfico como elemento de entrada Literatura francesa
9 (RLIN) 17583
902 ## - CATALOGADOR
Iniciales GFM
942 ## - ELEMENTOS DE PUNTO DE ACCESO ADICIONAL (KOHA)
Fuente del sistema de clasificación o colocación Library of Congress Classification
Tipo de ítem Koha Libros
Holdings
Estado de retiro Estado de pérdida Estado dañado No para préstamo Localización permanente Ubicación/localización actual Fecha de adquisición Número de inventario Total de préstamos Signatura topográfica completa Código de barras Fecha visto por última vez Precio válido a partir de Tipo de ítem Koha
El ejemplar forma parte de la colección y puede ser consultado según las políticas vigentes.       Biblioteca del Museo Franz Mayer (Rogerio Casas-Alatriste) Biblioteca del Museo Franz Mayer (Rogerio Casas-Alatriste) 07/12/2011 O40   PQ2216 .T5 1912 (O40) 7518 22/03/2019 22/03/2019 Libros